<?xml version="1.0" encoding="UTF-8"?><?xml-stylesheet type="text/xsl" href="static/style.xsl"?><OAI-PMH xmlns="http://www.openarchives.org/OAI/2.0/" xmlns:xsi="http://www.w3.org/2001/XMLSchema-instance" xsi:schemaLocation="http://www.openarchives.org/OAI/2.0/ http://www.openarchives.org/OAI/2.0/OAI-PMH.xsd"><responseDate>2026-04-13T15:11:38Z</responseDate><request verb="GetRecord" identifier="oai:www.recercat.cat:2117/345472" metadataPrefix="marc">https://recercat.cat/oai/request</request><GetRecord><record><header><identifier>oai:recercat.cat:2117/345472</identifier><datestamp>2026-02-11T04:32:19Z</datestamp><setSpec>com_2072_1033</setSpec><setSpec>col_2072_452950</setSpec></header><metadata><record xmlns="http://www.loc.gov/MARC21/slim" xmlns:dcterms="http://purl.org/dc/terms/" xmlns:xsi="http://www.w3.org/2001/XMLSchema-instance" xmlns:doc="http://www.lyncode.com/xoai" xsi:schemaLocation="http://www.loc.gov/MARC21/slim http://www.loc.gov/standards/marcxml/schema/MARC21slim.xsd">
   <leader>00925njm 22002777a 4500</leader>
   <datafield ind2=" " ind1=" " tag="042">
      <subfield code="a">dc</subfield>
   </datafield>
   <datafield ind2=" " ind1=" " tag="720">
      <subfield code="a">Angelats Company, Eduard</subfield>
      <subfield code="e">author</subfield>
   </datafield>
   <datafield ind2=" " ind1=" " tag="720">
      <subfield code="a">Soriano González, Jesús</subfield>
      <subfield code="e">author</subfield>
   </datafield>
   <datafield ind2=" " ind1=" " tag="720">
      <subfield code="a">Alcaraz, Carles</subfield>
      <subfield code="e">author</subfield>
   </datafield>
   <datafield ind2=" " ind1=" " tag="260">
      <subfield code="c">2019</subfield>
   </datafield>
   <datafield ind2=" " ind1=" " tag="520">
      <subfield code="a">Seagrass are marine flowering plants that form extensive meadows in shallow coastal waters. They play a critical role in coastal ecosystems by providing food and shelter for animals, recycling nutrients, and stabilizing sediments. Therefore, they are widely used as an ideal biological indicator for assessing the health status and quality of coastal ecosystems. In the Alfacs Bay (Ebro Delta), seagrasses are located in the shores, showing an annual variation with a peak in summer. The decreasing of averaged salinity and increasing of nutrients concentration and turbidity, has led to a notable reduction of the seagrass beds. Thus, a cartography to monitor spatiotemporal changes of meadows and to forecast the evolution of the environmental characteristics of the system, is needed. Nowadays, the standard methodology is a combination of photointerpretation and field prospection with significant workload resources. In contrast, an automatic methodology relying on multispectral moderate resolution Sentinel 2 (S2) satellite imagery is proposed. The methodology consists of: atmospheric correction of Level-1C images, application of Green Normalized Difference Vegetation Index, statistic thresholding to tell apart possible seagrass areas and a supervised learning method to refine this classification and to identify habitats. The methodology has been applied and calibrated using S2 satellite imagery and reference data comprising several patches distributed along the Alfacs Bay. In these patches, seagrass areas were identified (visually and location with GNSS). The results showed that seagrass meadows can be automatically delineated using S2 imagery.</subfield>
   </datafield>
   <datafield ind2=" " ind1=" " tag="520">
      <subfield code="a">This work was supported by the early stage researcher grant ‘2018 FI_B00705’.018 FI_B00705.</subfield>
   </datafield>
   <datafield ind2=" " ind1=" " tag="520">
      <subfield code="a">Peer Reviewed</subfield>
   </datafield>
   <datafield ind2=" " ind1=" " tag="520">
      <subfield code="a">Postprint (published version)</subfield>
   </datafield>
   <datafield tag="653" ind2=" " ind1=" ">
      <subfield code="a">Àrees temàtiques de la UPC::Física</subfield>
   </datafield>
   <datafield tag="653" ind2=" " ind1=" ">
      <subfield code="a">Seagrasses</subfield>
   </datafield>
   <datafield tag="653" ind2=" " ind1=" ">
      <subfield code="a">Artificial satellites in remote sensing</subfield>
   </datafield>
   <datafield tag="653" ind2=" " ind1=" ">
      <subfield code="a">Remote-sensing images</subfield>
   </datafield>
   <datafield tag="653" ind2=" " ind1=" ">
      <subfield code="a">Seagrass</subfield>
   </datafield>
   <datafield tag="653" ind2=" " ind1=" ">
      <subfield code="a">Mapping</subfield>
   </datafield>
   <datafield tag="653" ind2=" " ind1=" ">
      <subfield code="a">Remote sensing</subfield>
   </datafield>
   <datafield tag="653" ind2=" " ind1=" ">
      <subfield code="a">Sentinel 2</subfield>
   </datafield>
   <datafield tag="653" ind2=" " ind1=" ">
      <subfield code="a">Praderies -- Catalunya</subfield>
   </datafield>
   <datafield tag="653" ind2=" " ind1=" ">
      <subfield code="a">Imatges satel·litàries</subfield>
   </datafield>
   <datafield ind2="0" ind1="0" tag="245">
      <subfield code="a">Automatic mapping of seagrass beds in alfacs bay using Sentinel-2 imagery</subfield>
   </datafield>
</record></metadata></record></GetRecord></OAI-PMH>